000 00529 a2200169 4500
003 OSt
005 20231123153825.0
008 231123b |||||||| |||| 00| 0 eng d
020 _a9789353165482
040 _coclc
082 _a541.3
_bKAP/T
100 _aKapoor, K L
_94204
245 _aA Textbook of physical chemistry volume 7:
_bexperimental aspects in physical chemistry /
_cK L Kapoor
260 _aChennai:
_bMcgrawhill,
_c2019.
300 _a287p
942 _2ddc
_cBK
_h541.3
_iKAP/T
_k541.3
_mKAP/T
999 _c41874
_d41874